000
00223nam a2200097Ia 4500
008
190216s9999||||xx |||||||||||||| ||und||
100
_a
Sethunath
245
0
_a
Bharyamar Kathaprayunnu
260
_b
Current Books
942
_c
BK
999
_c
23661
_d
23661